WACRA - World Association for Case Method Research and Application Conference program and Abstracts of Research Papers 1991 Annual International Conference June 30 - July 3, 1991
Saved in:
| Format: | Book |
|---|---|
| Language: | English |
| Published: |
Berlin
Institut für Informatik
1991
|
| Edition: | 1. ed. |
| Tags: |
No Tags, Be the first to tag this record!
|
MARC
| LEADER | 00000nam a2200000 4500 | ||
|---|---|---|---|
| 001 | c001062 | ||
| 005 | 20250826123428.9 | ||
| 041 | 0 | |a eng | |
| 044 | |a US | ||
| 245 | 1 | 0 | |a WACRA - World Association for Case Method Research and Application |b Conference program and Abstracts of Research Papers 1991 Annual International Conference June 30 - July 3, 1991 |
| 250 | |a 1. ed. | ||
| 264 | 1 | |a Berlin |b Institut für Informatik |c 1991 | |
| 300 | |a 77 s. | ||